000
00232 a2200097 4500
001
46092
100
_a
Facer R
245
_a
The alliance and Europe Part III
260
_a
London
_b
International Institute
_c
090
_c
29196
_d
29196
942
_a
NUST-CAE
_c
M
_c
21331
999
_c
281165
_d
281165